000 00480nam a2200205Ia 4500
003 0100
008 130303s9999 xx 000 0 und d
020 _a0943412005
040 _cARRUPELIB
050 _aE185.K27 1982
100 _aKarenga, Maulana
245 _aIntroduction to black studies
260 _aLos Angeles
260 _bUniversity of Sankore Press
260 _C1982
300 _axv
300 _b 376p. 22cm.
650 _bPsychology
942 _2lcc
_02
999 _c64247
_d64247